| 000 | 00513nam a22001697a 4500 | ||
|---|---|---|---|
| 020 | _a978-81-265-3322-0 | ||
| 082 |
_a690.837 _bBRY _cL-38,P-120 |
||
| 100 |
_aBryan, Tony _950935 |
||
| 245 | _aConstruction Technology analysis and choice | ||
| 260 |
_anew delhi, _bWiley, _c2013. |
||
| 300 | _ax,453p. | ||
| 526 |
_a0 _b0 _c0 _d690_837000000000000_BRY |
||
| 526 |
_a0 _b0 _c0 _d690_837000000000000_BRY |
||
| 526 |
_a0 _b0 _c0 _d690_837000000000000_BRY |
||
| 526 |
_a0 _b0 _c0 _d690_837000000000000_BRY |
||
| 942 |
_2ddc _cBK |
||
| 999 |
_c553695 _d553695 |
||